दरिया का चढ़ाव : (Record no. 482012)
[ view plain ]
| 000 -LEADER | |
|---|---|
| fixed length control field | 01094nam a2200301 a 4500 |
| 001 - CONTROL NUMBER | |
| control field | vtls001169716 |
| 003 - CONTROL NUMBER IDENTIFIER | |
| control field | NLI |
| 005 - DATE AND TIME OF LATEST TRANSACTION | |
| control field | 20210603155215.0 |
| 008 - FIXED-LENGTH DATA ELEMENTS--GENERAL INFORMATION | |
| fixed length control field | 120327s1994 ii 000 1 hin |
| 020 ## - INTERNATIONAL STANDARD BOOK NUMBER | |
| International Standard Book Number | 8185476058 : |
| Terms of availability | Rs.50.00 |
| 039 #9 - LEVEL OF BIBLIOGRAPHIC CONTROL AND CODING DETAIL [OBSOLETE] | |
| -- | 201203271827 |
| -- | VLOAD |
| 040 ## - CATALOGING SOURCE | |
| Original cataloging agency | NLI |
| Language of cataloging | hineng |
| Transcribing agency | Datasoft_Hindi |
| Description conventions | AACR2 |
| 041 0# - LANGUAGE CODE | |
| Language code of text/sound track or separate title | hin |
| 044 ## - COUNTRY OF PUBLISHING/PRODUCING ENTITY CODE | |
| MARC country code | ii |
| 082 04 - DEWEY DECIMAL CLASSIFICATION NUMBER | |
| Classification number | 891.433 |
| 100 1# - MAIN ENTRY--PERSONAL NAME | |
| Linkage | 880-01 |
| Personal name | शर्मा, श्रीराम 'राम ' |
| 9 (RLIN) | 201658 |
| 245 10 - TITLE STATEMENT | |
| Linkage | 880-02 |
| Title | दरिया का चढ़ाव : |
| Remainder of title | उपन्यास / |
| Statement of responsibility, etc. | श्रीराम शर्मा 'राम ' |
| 260 ## - PUBLICATION, DISTRIBUTION, ETC. | |
| Place of publication, distribution, etc. | जयपुर : |
| Name of publisher, distributor, etc. | राष्ट्रीय सेल्स एजेन्सीज, |
| Date of publication, distribution, etc. | 1994 |
| 300 ## - PHYSICAL DESCRIPTION | |
| Extent | 136 p. ; |
| Dimensions | 18 cm. |
| 650 #0 - SUBJECT ADDED ENTRY--TOPICAL TERM | |
| Topical term or geographic name entry element | Hindi fiction |
| 9 (RLIN) | 89772 |
| 880 10 - ALTERNATE GRAPHIC REPRESENTATION | |
| Linkage | 245-02(B |
| a | Dariyā kā caḍāva : |
| b | upanyās / |
| c | Śrīrām Śarmā 'Rām' |
| 880 1# - ALTERNATE GRAPHIC REPRESENTATION | |
| Linkage | 100-01(B |
| a | Śarmā, Śrīrām 'Rām' |
| 887 ## - NON-MARC INFORMATION FIELD | |
| Content of non-MARC field | |
| 901 ## - LOCAL DATA ELEMENT A, LDA (RLIN) | |
| a | 67373 |
| b | 01.05.96 |
| 902 ## - LOCAL DATA ELEMENT B, LDB (RLIN) | |
| a | H 891.433 S 939 dc |
| 942 ## - ADDED ENTRY ELEMENTS (KOHA) | |
| Source of classification or shelving scheme | Dewey Decimal Classification |
| Koha item type | Books |
| 949 ## - LOCAL PROCESSING INFORMATION (OCLC) | |
| -- | VIRTUAITEM |
| -- | 10000 |
| -- | 100 |
| 6 | HIN000067373HIN |
| Withdrawn status | Lost status | Damaged status | Not for loan | Collection code | Home library | Current library | Shelving location | Date acquired | Total Checkouts | Full call number | Barcode | Date last seen | Price effective from | Koha item type |
|---|---|---|---|---|---|---|---|---|---|---|---|---|---|---|
| Hindi | National Library of India | National Library of India | Hindi - Book - Main Stack Division | H 891.433 S 939 dc | HIN000067373HIN | 03/06/2021 | 03/06/2021 | Books |
